000 00815nam a2200253Ia 4500
003 OSt
005 20221005044243.0
006 a|||||r|||| 00| 0
007 ta
008 221004b |||||||| |||| 00| 0 eng d
020 _a978 81 250 4166 5 (pbk)
_c600
024 _a22145
037 _bIN/2014-15/1478, 26/03/2015, Selectbook Service Syndicate
_cTextual
040 _aCRL
_cCRL
_beng
041 _2eng
_aeng
082 _aY:45, P9
100 _aBerman Eli
_9271579
245 0 _aRadical religious and violent
_b The new economics of terrorism
260 _aHyderabad
_bOrient Blackswan India
_c2009
300 _axiii,300p.
_ccm.
650 _aSOCIOLOGY
942 _hY:45, P9
_cTEXL
_2cc
999 _c953127
_d953127